LAND antworten - Statistiken

Allgemein
  • Dieses Quiz wurde 188 mal gespielt
  • Das Durchschnittsergebnis liegt bei 3 aus 4
Antwortstatistiken
Brief Antworten % Korrekt
D {Dänemark} hat die Originalflagge für Skandinavien gefunden.
88%
L In einem Land in Europa mit 602.005 Einwohnern genießen Sie {Luxemburg}, eines der Länder mit den höchsten Bruttoinlandsprodukten.
83%
N {Nepal} ist das einzige Land mit einer dreieckigen Flagge.
83%
A {Australien} hat 98% seiner Bevölkerung an der Küste. Die Hauptstadt ist Binnenstaat.
57%
Keine übereinstimmenden Quizze gefunden
Verteilung der Resultate
Anzahl Personen mit jedem Resultat
Perzentil nach korrekt beantworteten Fragen
Ihre Resultats-Entwicklung
Sie haben dieses Quiz noch nicht gespielt